000 00623nam a2200205 4500
001 114213
003 ES-MaACL
005 20260210161951.0
007 t|
008 061121s1956 sp r ||||1| spa d
100 1 _aPalacio Llames, Hernán.
_988378
245 1 0 _aFabricación del alcohol /
_cHernán Palacios LLames.
250 _a[1ª ed.].
260 _aBarcelona [etc.] :
_bSalvat,
_c1956.
300 _aXX, 735 p. 2 gráf. pleg. :
_bil ;
_c22 cm.
490 1 _aColección agrícola salvat
830 0 _aColección agrícola Salvat
_9181203
852 _aES-MaACL
_jC-10286
_bR.38563
999 _c114213
_d114213